| 000 | 00539nam a2200181Ia 4500 | ||
|---|---|---|---|
| 003 | GCL | ||
| 008 | 140319s9999 xx 000 0 ara d | ||
| 040 |
_aGCL / _cGCL |
||
| 082 | 0 | 4 |
_a956.521 _bم ا |
| 245 | 1 | 0 | _aامارة حلب فى عهد السلاجقة بين 522-479 هـ, سياسيا -اجتماعيا- اقتصاديا |
| 260 |
_a[S.N] : _bدار اسامة للنشر والتوزيع ، _c1990 |
||
| 300 | _a350 ص | ||
| 490 | _a | ||
| 650 | 0 | 4 | _aتاريخ |
| 650 | 0 | 4 | _aسوريا |
| 650 | 0 | 4 | _aحلب |
| 942 |
_2ddc _cBK |
||
| 999 |
_c50215 _d50215 |
||